Síntesis de los estilos arquitectónicos / (Registro nro. 2219)
[ vista simple ]
| 000 -LEADER | |
|---|---|
| fixed length control field | 01588nam a2200253Ia 4500 |
| 003 - CONTROL NUMBER IDENTIFIER | |
| control field | PE SENCICO BE |
| 005 - DATE AND TIME OF LATEST TRANSACTION | |
| control field | 20260323160032.0 |
| 008 - FIXED-LENGTH DATA ELEMENTS--GENERAL INFORMATION | |
| fixed length control field | 200515s9999 xx 000 0 und d |
| 040 ## - CATALOGING SOURCE | |
| Original cataloging agency | PE SENCICO BE |
| Transcribing agency | PE SENCICO BE |
| 041 ## - LANGUAGE CODE | |
| Language code of text/sound track or separate title | spa |
| 082 ## - DEWEY DECIMAL CLASSIFICATION NUMBER | |
| Classification number | 741 |
| Item number | P93 1978 |
| 100 1# - MAIN ENTRY--PERSONAL NAME | |
| Personal name | Puig Grau, Arnaldo |
| 9 (RLIN) | 610 |
| Relator term | autor |
| 245 10 - TITLE STATEMENT | |
| Title | Síntesis de los estilos arquitectónicos / |
| Statement of responsibility, etc. | Arnaldo Puig Grau |
| 250 ## - EDITION STATEMENT | |
| Edition statement | 11a ed. |
| 260 ## - PUBLICATION, DISTRIBUTION, ETC. | |
| Place of publication, distribution, etc. | Barcelona : |
| Name of publisher, distributor, etc. | ediciones Ceac ; |
| Date of publication, distribution, etc. | 1978 |
| 300 ## - PHYSICAL DESCRIPTION | |
| Extent | 218 páginas : |
| Other physical details | ilustraciones ; |
| Dimensions | 22 cm. |
| 490 ## - SERIES STATEMENT | |
| Series statement | Monografías sobre construcción y arquitectura |
| 505 0# - FORMATTED CONTENTS NOTE | |
| Formatted contents note | Formas masivas: Egipto -- Sumeria, Caldea, Asiria y Babilonia -- Persia (Aquemenida) -- Creta y MIcenas -- Grecia -- Grecia, orden dórico -- Etruria: estilo etursco -- Roma: orden compuesto -- Roma: orden toscano -- Persia sasanida -- Italia: basílicas cristianas Parromanico español -- Estilo Bizantino -- Estilo Carlingio -- Arabe o musulman -- Formas esbeltas: Románico -- Románico Francia -- Románico: Italia -- Románico: España -- Gótico -- Gótico: Francia -- Gótico. Inglaterra -- Renacimiento -- Renacimiento italiano -- Renacimiento español y portugués -- Barroco -- Barroco francés -- Rococo -- Neoclásico -- Formas exóticas: India -- China -- Japón -- Precolombino -- Formas técnicas: Romanticismo -- Modernismo -- Neoplástico -- Cubismo -- Funcional -- Orgánico |
| 650 10 - SUBJECT ADDED ENTRY--TOPICAL TERM | |
| Topical term or geographic name entry element | Estilos arquitectónicos |
| 9 (RLIN) | 609 |
| 650 20 - SUBJECT ADDED ENTRY--TOPICAL TERM | |
| Topical term or geographic name entry element | Arquitectura |
| 9 (RLIN) | 343 |
| 650 20 - SUBJECT ADDED ENTRY--TOPICAL TERM | |
| Topical term or geographic name entry element | Historia de la arquitectura |
| 9 (RLIN) | 611 |
| 650 20 - SUBJECT ADDED ENTRY--TOPICAL TERM | |
| Topical term or geographic name entry element | Arquitectura antigua |
| 9 (RLIN) | 390 |
| 942 ## - ADDED ENTRY ELEMENTS (KOHA) | |
| Koha item type | Libros |
| Source of classification or shelving scheme | Dewey Decimal Classification |
| Fecha de la última vez que lo usaron | Número de ingreso o de inventario | Pago total | Signatura topográfica completa | Código de barras | Tipo de documento | Estado perdido | Sistema de clasificación | Estado dañado | No es para préstamo | Retirado | Ubicación permanente | Ubicación actual | Precio efectivo desde | Fecha de adquisición |
|---|---|---|---|---|---|---|---|---|---|---|---|---|---|---|
| 15/05/2020 | 1580 | 741/P93/1978 | BibLima26032688 | Libros | Dewey Decimal Classification | Biblioteca Central Lima | Biblioteca Central Lima | |||||||
| 23/03/2026 | 1581 | 741/P93/1978/ej. 2 | BibLima26032689 | Libros | Dewey Decimal Classification | Biblioteca Central Lima | Biblioteca Central Lima | 23/03/2026 | 23/03/2026 | |||||
| 23/03/2026 | 741/P93/1978 | BibZpiur26032690 | Libros | Dewey Decimal Classification | Biblioteca Piura | Biblioteca Piura | 23/03/2026 | 23/03/2026 |